000 00466nam a2200181Ia 4500
003 OSt
005 20260108102441.0
008 210210b1947 xxu||||| |||| 00| 0 eng d
040 _cAL
041 _aKannada
082 _a859/1243
100 _aBHATTA (V G)
_9146463
_dಭಟ್ಟ (ವಿ ಜಿ)
245 _aSahyadri:
_bಸಹ್ಯಾದ್ರಿ
260 _aGokarna
_b-
_c1947
690 _aKannada Fiction
_9146464
906 _a021983
942 _2ddc
_cBK
999 _c146089
_d146089